LEADER 02157nam0 22004813i 450 001 VAN00303334 005 20260316101832.7 017 70$2N$a9783031779213 100 $a20260316d2025 |0itac50 ba 101 $aeng 102 $aCH 105 $a|||| ||||| 181 $ai$b e 182 $ab 183 $acr 200 1 $aThymus Transcriptome and Cell Biology$fGeraldo A. Passos, Daniella Arêas Mendes-da-Cruz, Wilson Savino editors 205 $a2. ed 210 $aCham$cSpringer$d2025 215 $aXV, 330 p.$cill.$d24 cm 410 1$1001VAN00064096$12001 $aAdvances in Experimental Medicine and Biology$1210 $aNew York$cPlenum$d2003-$v1471 620 $aCH$dCham$3VANL001889 676 $a616.4$cEndocrinologia$v22 676 $a576.5$cGenetica$v22 676 $a571.6$cBiologia cellulare$v22 676 $a570.285$cBioinformatica$v22 702 1$aMendes-da-Cruz$bDaniella A.$3VANV258627 702 1$aPassos$bGeraldo A.$3VANV222774 702 1$aSavino$bWilson$3VANV258631 712 $aSpringer $3VANV108073$4650 790 1$aMendes-da-Cruz, Daniella Arêas$zMendes-da-Cruz, Daniella A.$3VANV258628 790 1$aMendes-da-Cruz, D. A.$zMendes-da-Cruz, Daniella A.$3VANV258629 790 1$aMendes-da-Cruz, D.A.$zMendes-da-Cruz, Daniella A.$3VANV258630 790 1$aPassos, Geraldo Aleixo$zPassos, Geraldo A.$3VANV222776 790 1$aPassos, G. A.$zPassos, Geraldo A.$3VANV222778 790 1$aPassos, G.A.$zPassos, Geraldo A.$3VANV222779 801 $aIT$bSOL$c20260320$gRICA 856 4 $uhttps://link.springer.com/book/10.1007/978-3-031-77921-3$zE-book - Accesso al full-text attraverso riconoscimento IP di Ateneo, proxy e/o Shibboleth 899 $aBIBLIOTECA DEL DIPARTIMENTO DI SCIENZE E TECNOLOGIE AMBIENTALI BIOLOGICHE E FARMACEUTICHE$1IT-CE0101$2VAN17 912 $fN 912 $aVAN00303334 950 $aBIBLIOTECA DEL DIPARTIMENTO DI SCIENZE E TECNOLOGIE AMBIENTALI BIOLOGICHE E FARMACEUTICHE$d17CONS e-book 2405 $e17BIB2405/106 106 20260316 996 $aThymus Transcriptome and Cell Biology$91995448 997 $aUNICAMPANIA